Increased grant aid in NVZs (Record no. 65628)

MARC details
000 -LEADER
fixed length control field 00969cam a2200205 4500
001 - CONTROL NUMBER
control field WB3701-40
008 - FIXED-LENGTH DATA ELEMENTS--GENERAL INFORMATION
fixed length control field 000000n2000 000 0 eng u
035 ## - SYSTEM CONTROL NUMBER
System control number (Sirsi) u110025
245 ## - TITLE STATEMENT
Title Increased grant aid in NVZs
260 ## - PUBLICATION, DISTRIBUTION, ETC.
Date of publication, distribution, etc. 2000
490 ## - SERIES STATEMENT
Series statement MAFF News Release
Volume/sequential designation (448) 19 December 2000 (2)
520 ## - SUMMARY, ETC.
Summary, etc. As part of the Action Plan for Farming the rate of grant under the NVZ Farm Waste Grant Scheme has been increased from 25% to 40% of eligible expenditure. This will help farmers to meet the costs associated with installing additional waste handling and storage facilities in order to comply with mandatory Action Program measures in NVZs. The new rate will apply to applications lodged with MAFF between 29/11/00 and 17/4/03.
590 ## - LOCAL NOTE (RLIN)
Local note WB
650 ## - SUBJECT ADDED ENTRY--TOPICAL TERM
Topical term or geographic name entry element ACTION PLAN FOR FARMING
650 ## - SUBJECT ADDED ENTRY--TOPICAL TERM
Topical term or geographic name entry element NITRATE VULNERABLE ZONES
650 ## - SUBJECT ADDED ENTRY--TOPICAL TERM
Topical term or geographic name entry element NVZ FARM WASTE GRANT SCHEME
650 ## - SUBJECT ADDED ENTRY--TOPICAL TERM
Topical term or geographic name entry element FARM WASTE
690 ## - LOCAL SUBJECT ADDED ENTRY--TOPICAL TERM (OCLC, RLIN)
Topical term or geographic name as entry element RURAL-FARM BUSINESS MANAGEMENT
942 ## - ADDED ENTRY ELEMENTS (KOHA)
Suppress in OPAC 0
Holdings
Withdrawn status Lost status Source of classification or shelving scheme Damaged status Not for loan Home library Current library Shelving location Date acquired Total Checkouts Full call number Barcode Date last seen Copy number Price effective from Koha item type
    Dewey Decimal Classification     London London News article 04/01/2001   WB3701-40 110025-1001 06/08/2019 1 06/08/2019 News article